The expanding prison : the crisis in crime and punishment and the search for alternatives /

Saved in:
Bibliographic Details
Main Author: Cayley, David.
Format: Book
Language:English
Published: Toronto : House of Anansi Press, 1998.
Subjects:
Tags: Add Tag
No Tags, Be the first to tag this record!
LEADER 01667nam a22002658a 4500
001 007744167-2
005 20020606104010.5
008 970813s1998 onc b 00100 eng c
010 |a cn 97931831  
015 |a C97-931831-9 
020 |a 0887846033 :  |c $19.95 
035 0 |a ocm37985173 
040 |a CaOTU  |b eng  |c CaOTU 
043 |a n-cn--- 
050 0 0 |a HV9276.5  |b .C39 1998 
082 0 |a 364.6  |2 21 
100 1 |a Cayley, David. 
245 1 4 |a The expanding prison :  |b the crisis in crime and punishment and the search for alternatives /  |c David Cayley. 
260 |a Toronto :  |b House of Anansi Press,  |c 1998. 
300 |a x, 405 p. ;  |c 23 cm. 
504 |a Includes bibliographical references (p. [367]-388) and index. 
505 0 |a I. The Prison Boom -- 1. The Expanding Prison -- 2. Crime Control in the United States: "Trail 'em, Surveil 'em, Nail 'em, and Jail 'em" -- 3. Perception and Reality in Crime Policy -- 4. Rituals of Repression -- II. Imprisonment and Society -- 5. Something Must Be Done: Rationales for Imprisonment -- 6. The Real World of Imprisonment -- 7. God Is Himself Law -- 8. A Perpetual Solitude and Seclusion -- 9. A Sea Change -- III. Some Promising Alternatives -- 10. Crime Control and Community -- 11. Rights and Reservations -- 12. From Guilt to Obligation: Victim-Offender Mediation -- 13. Working Within the System -- 14. Shame of Doing Amiss -- 15. On Civil Solutions -- 16. Circles of Support -- 17. Justice as Sanctuary -- 18. Prison Is Not the Only Punishment: Penal Violence and Alternatives in Poor Countries -- IV. Conclusion -- 19. A Turning Point? 
650 0 |a Alternatives to imprisonment. 
988 |a 20020608 
906 |0 OCLC